A method of performance measurement for concrete construction practice in Malaysia /
محفوظ في:
| المؤلف الرئيسي: | |
|---|---|
| التنسيق: | أطروحة كتاب |
| اللغة: | English |
| الموضوعات: | |
| الوسوم: |
إضافة وسم
لا توجد وسوم, كن أول من يضع وسما على هذه التسجيلة!
|
| LEADER | 01374cam a2200325 i 4500 | ||
|---|---|---|---|
| 001 | u879352 | ||
| 003 | SIRSI | ||
| 005 | 201305091154 | ||
| 008 | 130509s2013 my a t 000 0 eng m | ||
| 040 | |a UMM |d UMJ |e rda | ||
| 043 | |a a-my--- | ||
| 090 | |a TA145 |b UMP 2013 Sals | ||
| 097 | |a TA145 |b UMP 2013 Sals | ||
| 100 | 0 | |a Salehin Salleh, |e author. | |
| 245 | 1 | 2 | |a A method of performance measurement for concrete construction practice in Malaysia / |c Salehin bin Salleh. |
| 264 | 1 | |c 2013. | |
| 264 | 4 | |c 2013. | |
| 300 | |a xxxv, 316 [51] leaves : |b illustrations ; |c 30 cm. | ||
| 502 | |b Ph.D |c Institut Pengajian Siswazah, Universiti Malaya |d 2013. | ||
| 504 | |a Bibliography: leaves 310-316. | ||
| 650 | 0 | |a Concrete construction |z Malaysia. | |
| 650 | 0 | |a Concrete construction |z Malaysia |x Evaluation. | |
| 650 | 0 | |a Performance |x Measurement. | |
| 650 | 0 | |a Organizational effectiveness |x Measurement. | |
| 710 | 2 | |a Universiti Malaya. |b Institut Pengajian Siswazah, |e degree granting institution. | |
| 900 | |a AT-ZA | ||
| 596 | |a 1 7 | ||
| 999 | |a TA145 UMP 2013 SALS |w LC |c 1 |i A515610885 |d 4/6/2014 |e 4/6/2014 |f 22/10/2013 |g 1 |l STACKS |m P01UTAMA |n 1 |r Y |s Y |t TESIS |u 18/10/2013 | ||
| 999 | |a TA145 UMP 2013 SALS |w LC |c 1 |i A516154785 |l STACKS |m P07JURUTER |r N |s Y |t TESIS |u 25/2/2015 | ||
| 999 | |a TA145 UMP 2013 SALS |w LC |c 2 |i A516154706 |d 25/2/2015 |f 25/2/2015 |g 1 |l COUNTER |m P07JURUTER |r N |s Y |t CD |u 25/2/2015 | ||
